| 000 | 01007cam a2200277 i 4500 | ||
|---|---|---|---|
| 003 | SA-RiAUC | ||
| 005 | 20241028144651.0 | ||
| 008 | 241027s2007____su g b 000 0 ara c | ||
| 040 |
_aSA-MaUQU _bara _cSA-RiAUC _erda |
||
| 082 | 0 |
_a227.6 _qSA-RiAUC |
|
| 090 |
_a227.6 _bح ا م |
||
| 100 | 1 |
_aحامدي، عبد الكريم، _d1958- _eمؤلف. |
|
| 245 | 1 | 2 |
_aالمدخل إلى مقاصد القرآن / _cعبد الكريم حامدي. |
| 250 | _aالطبعة الأولى. | ||
| 264 | 1 |
_aالرياض : _bمكتبة الرشد ناشرون، _c2007 |
|
| 300 |
_a280 صفحة ؛ _c24 سم |
||
| 336 |
_aنص _btxt _2rdacontent _3كتاب |
||
| 337 |
_aبدون وسيط _bn _2rdamedia |
||
| 338 |
_aمجلد _bnc _2rdacarrier |
||
| 504 | _aببليوجرافية : صفحة 263. | ||
| 630 | 2 | 7 |
_aالقرآن _xتفاسير حديثة _2aucut |
| 630 | 2 | 7 |
_aالقرآن _xسور وآيات _2aucut |
| 730 | 2 | 2 | _aالقرآن |
| 942 |
_2ddc _cBOOK _n0 |
||
| 949 |
_aSA-JeALM _d241027 _umohamedma123 _n1 |
||
| 999 |
_c1841 _d1841 |
||